[Event "MP do 18 lat - chlopcy"]
[Site "Sypniewo"]
[Date "2022.03.24"]
[Round "6.18"]
[White "Lenart, Jakub"]
[Black "Panek, Bartosz"]
[Result "0-1"]
[BlackElo "2010"]
[WhiteElo "1792"]
[LiveChessVersion "1.4.8"]

1. d4 {[%clk 1:30:57]} d5 {[%clk 1:28:55]} 2. c4 {[%clk 1:31:08]} e6
{[%clk 1:29:15]} 3. Nc3 {[%clk 1:31:02]} Nf6 {[%clk 1:29:33]} 4. cxd5
{[%clk 1:30:39]} Nxd5 {[%clk 1:29:53]} 5. e4 {[%clk 1:30:01]} Nxc3
{[%clk 1:30:14]} 6. bxc3 {[%clk 1:30:27]} c5 {[%clk 1:30:39]} 7. Nf3
{[%clk 1:30:28]} cxd4 {[%clk 1:31:00]} 8. cxd4 {[%clk 1:30:53]} Bb4+
{[%clk 1:31:23]} 9. Bd2 {[%clk 1:31:10]} Bxd2+ {[%clk 1:31:46]} 10. Qxd2
{[%clk 1:31:36]} O-O {[%clk 1:32:08]} 11. Bc4 {[%clk 1:31:00]} Nd7
{[%clk 1:32:31]} 12. O-O {[%clk 1:28:45]} b6 {[%clk 1:32:57]} 13. Rfe1
{[%clk 1:21:56]} Bb7 {[%clk 1:33:16]} 14. Rad1 {[%clk 1:20:36]} Rc8
{[%clk 1:33:34]} 15. Bd3 {[%clk 1:19:58]} Nf6 {[%clk 1:25:46]} 16. Qf4
{[%clk 1:15:07]} Rc3 {[%clk 1:07:45]} 17. d5 {[%clk 0:51:01]} exd5
{[%clk 0:33:26]} 18. e5 {[%clk 0:50:04]} Qc7 {[%clk 0:33:10]} 19. Qf5
{[%clk 0:24:44]} Ne4 {[%clk 0:33:01]} 20. Bxe4 {[%clk 0:21:28]} dxe4
{[%clk 0:31:09]} 21. Ng5 {[%clk 0:21:19]} g6 {[%clk 0:30:55]} 22. Qf4
{[%clk 0:12:53]} e3 {[%clk 0:04:48]} 23. Rxe3 {[%clk 0:05:03]} Qc6
{[%clk 0:03:52]} 24. Nf3 {[%clk 0:04:55]} Rc1 {[%clk 0:02:52]} 25. Qd4
{[%clk 0:01:56]} Rxd1+ {[%clk 0:02:19]} 26. Qxd1 {[%clk 0:02:19]} Qd5
{[%clk 0:01:41]} 27. Qe2 {[%clk 0:01:05]} Rc8 {[%clk 0:01:53]} 28. h3
{[%clk 0:01:04]} Qc4 {[%clk 0:01:43]} 29. Ng5 {[%clk 0:00:44]} Qf4
{[%clk 0:00:50]} 30. Rg3 {[%clk 0:00:38]} h6 {[%clk 0:00:39]} 31. Nf3
{[%clk 0:00:41]} Bxf3 {[%clk 0:00:37]} 32. gxf3 {[%clk 0:00:52]} Re8
{[%clk 0:00:32]} 33. Qa6 {[%clk 0:00:44]} Rxe5 {[%clk 0:00:34]} 34. Qxa7
{[%clk 0:00:37]} Re1+ {[%clk 0:00:50]} 35. Kh2 {[%clk 0:00:41]} Qc1
{[%clk 0:00:42]} 36. Qb8+ {[%clk 0:00:41]} Kh7 {[%clk 0:00:52]} 37. f4
{[%clk 0:00:49]} Rh1+ {[%clk 0:00:43]} 38. Kg2 {[%clk 0:01:12]} Qf1+
{[%clk 0:00:39]} 39. Kf3 {[%clk 0:01:28]} Qd1+ {[%clk 0:00:35]} 40. Kg2
{[%clk 0:31:02]} Rg1+ {[%clk 0:30:59]} 41. Kh2 {[%clk 0:28:48]} Rh1+
{[%clk 0:26:20]} 42. Kg2 {[%clk 0:29:04]} Qd5+ {[%clk 0:26:27]} 43. Rf3
{[%clk 0:25:15]} Rxh3 {[%clk 0:26:51]} 44. Kxh3 {[%clk 0:25:37]} Qxf3+
{[%clk 0:27:16]} 45. Kh2 {[%clk 0:25:52]} Qxf2+ {[%clk 0:27:43]} 46. Kh3
{[%clk 0:26:08]} Qxa2 {[%clk 0:27:46]} 47. Qxb6 {[%clk 0:26:11]} Qe6+
{[%clk 0:28:09]} 0-1

[Event "MP do 18 lat - chlopcy"]
[Site "Sypniewo"]
[Date "2022.03.24"]
[Round "6.19"]
[White "Haliniak, Wojciech"]
[Black "Stachecki, Mikolaj"]
[Result "0-1"]
[BlackElo "1837"]
[WhiteElo "1751"]
[LiveChessVersion "1.4.8"]

1. e4 {[%clk 1:30:57]} c5 {[%clk 1:30:47]} 2. Nc3 {[%clk 1:31:15]} Nc6
{[%clk 1:30:55]} 3. f4 {[%clk 1:31:23]} g6 {[%clk 1:31:06]} 4. Nf3
{[%clk 1:31:44]} Bg7 {[%clk 1:31:18]} 5. Bc4 {[%clk 1:32:03]} e6 {[%clk 1:31:12]}
6. f5 {[%clk 1:30:29]} Nge7 {[%clk 1:30:38]} 7. fxe6 {[%clk 1:30:30]} fxe6
{[%clk 1:30:56]} 8. d3 {[%clk 1:30:51]} d5 {[%clk 1:29:39]} 9. Bb3
{[%clk 1:31:13]} b5 {[%clk 1:18:23]} 10. O-O {[%clk 1:25:56]} c4 {[%clk 1:11:39]}
11. dxc4 {[%clk 1:26:17]} dxc4 {[%clk 1:09:25]} 12. Qxd8+ {[%clk 1:26:36]} Kxd8
{[%clk 0:59:16]} 13. Nxb5 {[%clk 1:26:21]} cxb3 {[%clk 0:58:53]} 14. axb3
{[%clk 1:22:25]} Bd7 {[%clk 0:47:19]} 15. Ng5 {[%clk 1:09:28]} Rf8
{[%clk 0:40:17]} 16. Rd1 {[%clk 1:05:53]} Kc8 {[%clk 0:39:14]} 17. Nxh7
{[%clk 1:05:10]} Rh8 {[%clk 0:36:19]} 18. Ng5 {[%clk 1:04:43]} Be5
{[%clk 0:36:23]} 19. Nf3 {[%clk 1:04:06]} Bb8 {[%clk 0:33:30]} 20. Nd6+
{[%clk 1:01:53]} Bxd6 {[%clk 0:33:22]} 21. Rxd6 {[%clk 1:02:20]} Kc7
{[%clk 0:32:32]} 22. Rd3 {[%clk 0:48:10]} Rhf8 {[%clk 0:29:46]} 23. Be3
{[%clk 0:42:36]} a6 {[%clk 0:20:30]} 24. Bc5 {[%clk 0:41:16]} Rfd8
{[%clk 0:20:07]} 25. Ng5 {[%clk 0:33:22]} Bc8 {[%clk 0:16:49]} 26. Rc3
{[%clk 0:33:31]} Kb7 {[%clk 0:16:52]} 27. Ra4 {[%clk 0:25:25]} a5
{[%clk 0:15:27]} 28. Rac4 {[%clk 0:21:59]} Kb8 {[%clk 0:14:09]} 29. Nf7
{[%clk 0:21:20]} Rd1+ {[%clk 0:13:43]} 30. Kf2 {[%clk 0:21:45]} Ba6
{[%clk 0:13:58]} 31. Bd6+ {[%clk 0:11:12]} Kb7 {[%clk 0:14:13]} 32. Bxe7
{[%clk 0:10:55]} Bxc4 {[%clk 0:14:07]} 33. Nd6+ {[%clk 0:10:25]} Ka6
{[%clk 0:11:29]} 34. Rxc4 {[%clk 0:08:49]} Nxe7 {[%clk 0:11:47]} 35. e5
{[%clk 0:09:04]} Rd5 {[%clk 0:09:54]} 36. b4 {[%clk 0:08:29]} Rxe5
{[%clk 0:07:29]} 37. b5+ {[%clk 0:07:23]} Kb6 {[%clk 0:06:56]} 38. Rf4
{[%clk 0:07:43]} Rd5 {[%clk 0:06:13]} 39. Nc4+ {[%clk 0:06:49]} Kxb5
{[%clk 0:06:19]} 40. Na3+ {[%clk 0:36:35]} Kc6 {[%clk 0:35:27]} 41. g4
{[%clk 0:36:57]} g5 {[%clk 0:31:22]} 42. Rf7 {[%clk 0:36:56]} Ng6
{[%clk 0:30:26]} 43. Rf6 {[%clk 0:36:58]} Rf8 {[%clk 0:30:32]} 0-1

[Event "MP do 18 lat - chlopcy"]
[Site "Sypniewo"]
[Date "2022.03.24"]
[Round "6.20"]
[White "Syrkiewicz, Michal"]
[Black "Ciborowski, Konrad Jr"]
[Result "1/2-1/2"]
[BlackElo "1869"]
[WhiteElo "1988"]
[LiveChessVersion "1.4.8"]

1. e4 {[%clk 1:30:58]} e6 {[%clk 1:30:54]} 2. d4 {[%clk 1:31:19]} d5
{[%clk 1:31:20]} 3. Nc3 {[%clk 1:28:30]} Bb4 {[%clk 1:31:44]} 4. e5
{[%clk 1:28:48]} c5 {[%clk 1:32:10]} 5. a3 {[%clk 1:29:09]} Bxc3+
{[%clk 1:32:36]} 6. bxc3 {[%clk 1:29:33]} Qa5 {[%clk 1:33:03]} 7. Bd2
{[%clk 1:29:05]} Qa4 {[%clk 1:33:30]} 8. Nf3 {[%clk 1:28:22]} b6 {[%clk 1:32:43]}
9. h4 {[%clk 1:27:21]} Ne7 {[%clk 1:32:20]} 10. h5 {[%clk 1:26:31]} h6
{[%clk 1:32:42]} 11. Rh4 {[%clk 1:25:07]} Nf5 {[%clk 1:29:40]} 12. Rf4
{[%clk 1:24:18]} Qc6 {[%clk 1:21:22]} 13. g4 {[%clk 1:11:38]} Ne7
{[%clk 1:21:49]} 14. Nh4 {[%clk 1:10:50]} Ba6 {[%clk 1:20:05]} 15. Qf3
{[%clk 1:06:30]} Rf8 {[%clk 1:12:49]} 16. Ng6 {[%clk 0:55:08]} Nxg6
{[%clk 1:13:06]} 17. hxg6 {[%clk 0:55:32]} Qd7 {[%clk 1:12:14]} 18. c4
{[%clk 0:44:39]} Bb7 {[%clk 1:07:43]} 19. Bg2 {[%clk 0:34:55]} Na6
{[%clk 0:58:10]} 20. Rxf7 {[%clk 0:28:12]} Rxf7 {[%clk 0:58:38]} 21. Qxf7+
{[%clk 0:28:28]} Qxf7 {[%clk 0:59:05]} 22. gxf7+ {[%clk 0:28:52]} Kxf7
{[%clk 0:59:33]} 23. cxd5 {[%clk 0:29:02]} Bxd5 {[%clk 0:59:58]} 24. Bxd5
{[%clk 0:29:13]} exd5 {[%clk 1:00:25]} 25. c3 {[%clk 0:29:31]} Rc8
{[%clk 0:59:23]} 26. Ke2 {[%clk 0:25:32]} cxd4 {[%clk 0:58:03]} 27. cxd4
{[%clk 0:25:57]} Rc4 {[%clk 0:58:31]} 28. Kd3 {[%clk 0:26:12]} Ra4
{[%clk 0:57:39]} 29. Bc3 {[%clk 0:23:44]} Nc7 {[%clk 0:56:17]} 30. f4
{[%clk 0:22:22]} Nb5 {[%clk 0:56:44]} 31. Bb2 {[%clk 0:22:24]} Ke6
{[%clk 0:52:25]} 32. f5+ {[%clk 0:20:41]} Kd7 {[%clk 0:52:47]} 33. Rf1
{[%clk 0:18:09]} Ke7 {[%clk 0:52:15]} 34. f6+ {[%clk 0:17:27]} gxf6
{[%clk 0:52:42]} 35. Rxf6 {[%clk 0:17:28]} Nxa3 {[%clk 0:52:38]} 36. Rxh6
{[%clk 0:17:34]} Nb5 {[%clk 0:52:03]} 37. Rh2 {[%clk 0:15:24]} Rb4
{[%clk 0:48:39]} 38. Ke3 {[%clk 0:13:49]} Ke6 {[%clk 0:45:22]} 39. Kf4
{[%clk 0:09:57]} Nxd4 {[%clk 0:44:51]} 40. Rh6+ {[%clk 0:40:20]} Kf7
{[%clk 1:15:17]} 41. Bxd4 {[%clk 0:40:26]} Rxd4+ {[%clk 1:15:45]} 42. Kf5
{[%clk 0:40:52]} Rd1 {[%clk 1:14:19]} 43. Rh7+ {[%clk 0:41:01]} Kf8
{[%clk 1:14:41]} 44. Kf6 {[%clk 0:40:25]} Rf1+ {[%clk 1:14:53]} 45. Ke6
{[%clk 0:40:48]} d4 {[%clk 1:15:19]} 46. Kd7 {[%clk 0:39:52]} d3 {[%clk 1:14:13]}
47. e6 {[%clk 0:40:04]} Re1 {[%clk 1:12:03]} 48. Rh2 {[%clk 0:39:12]} Re4
{[%clk 1:12:27]} 49. Rf2+ {[%clk 0:39:01]} Kg7 {[%clk 1:12:09]} 50. e7
{[%clk 0:38:23]} Rd4+ {[%clk 1:12:17]} 51. Kc6 {[%clk 0:37:46]} Re4
{[%clk 1:12:45]} 52. Kd6 {[%clk 0:37:43]} b5 {[%clk 1:11:30]} 53. Ra2
{[%clk 0:33:49]} Kf7 {[%clk 1:11:03]} 54. Rf2+ {[%clk 0:34:13]} Kg7
{[%clk 1:11:31]} 55. Rd2 {[%clk 0:34:10]} Kf7 {[%clk 1:11:54]} 56. Rf2+
{[%clk 0:34:30]} 1/2-1/2

[Event "MP do 18 lat - chlopcy"]
[Site "Sypniewo"]
[Date "2022.03.24"]
[Round "6.21"]
[White "Kalkowski, Igor"]
[Black "Ullrich, Karol"]
[Result "1/2-1/2"]
[BlackElo "1748"]
[WhiteElo "1934"]
[LiveChessVersion "1.4.8"]

1. e4 {[%clk 1:28:31]} c6 {[%clk 1:30:57]} 2. c4 {[%clk 1:28:52]} d5
{[%clk 1:31:23]} 3. exd5 {[%clk 1:29:15]} cxd5 {[%clk 1:31:48]} 4. d4
{[%clk 1:29:05]} Nf6 {[%clk 1:32:07]} 5. Nc3 {[%clk 1:29:28]} e6 {[%clk 1:32:22]}
6. Bf4 {[%clk 1:29:51]} Be7 {[%clk 1:20:11]} 7. c5 {[%clk 1:30:14]} Bd7
{[%clk 1:15:57]} 8. Qb3 {[%clk 1:21:44]} Qc8 {[%clk 1:13:40]} 9. Nb5
{[%clk 1:14:29]} Bxb5 {[%clk 1:13:34]} 10. Bxb5+ {[%clk 1:14:51]} Nc6
{[%clk 1:13:45]} 11. h3 {[%clk 1:05:29]} O-O {[%clk 1:13:17]} 12. Qa4
{[%clk 1:05:07]} Nb8 {[%clk 1:07:19]} 13. Nf3 {[%clk 1:04:38]} a6
{[%clk 1:06:42]} 14. Ne5 {[%clk 1:01:58]} Rd8 {[%clk 0:59:33]} 15. O-O
{[%clk 0:45:00]} Nbd7 {[%clk 0:59:41]} 16. Bd3 {[%clk 0:45:12]} Nxe5
{[%clk 0:51:52]} 17. Bxe5 {[%clk 0:42:27]} Nd7 {[%clk 0:51:37]} 18. Bg3
{[%clk 0:42:00]} e5 {[%clk 0:51:33]} 19. Bxe5 {[%clk 0:27:21]} Nxe5
{[%clk 0:51:24]} 20. dxe5 {[%clk 0:27:47]} Qxc5 {[%clk 0:50:58]} 21. Rac1
{[%clk 0:28:07]} Qb6 {[%clk 0:49:28]} 22. Qc2 {[%clk 0:27:06]} Qe6
{[%clk 0:45:00]} 23. Bxh7+ {[%clk 0:26:32]} Kf8 {[%clk 0:43:54]} 24. Bf5
{[%clk 0:16:08]} Qxe5 {[%clk 0:44:05]} 25. Rfe1 {[%clk 0:16:34]} Qd6
{[%clk 0:43:25]} 26. Qc7 {[%clk 0:15:26]} g6 {[%clk 0:41:44]} 27. Bd3
{[%clk 0:14:27]} Rd7 {[%clk 0:38:59]} 28. Qxd6 {[%clk 0:12:33]} Bxd6
{[%clk 0:39:19]} 29. g3 {[%clk 0:12:14]} Rad8 {[%clk 0:38:54]} 30. Kg2
{[%clk 0:12:33]} Be7 {[%clk 0:38:49]} 31. Rc2 {[%clk 0:07:58]} Bf6
{[%clk 0:37:53]} 32. f4 {[%clk 0:08:03]} Re8 {[%clk 0:36:14]} 33. Rxe8+
{[%clk 0:07:30]} Kxe8 {[%clk 0:36:40]} 34. b4 {[%clk 0:06:10]} Ke7
{[%clk 0:35:25]} 35. b5 {[%clk 0:06:08]} a5 {[%clk 0:34:59]} 36. Kf3
{[%clk 0:03:30]} 1/2-1/2

[Event "MP do 18 lat - chlopcy"]
[Site "Sypniewo"]
[Date "2022.03.24"]
[Round "6.22"]
[White "Kietrys, Maciej"]
[Black "Jozefik, Aleksander"]
[Result "1-0"]
[BlackElo "1729"]
[WhiteElo "1882"]
[LiveChessVersion "1.4.8"]

1. e4 {[%clk 1:30:57]} c5 {[%clk 1:30:55]} 2. Nc3 {[%clk 1:31:15]} Nc6
{[%clk 1:31:19]} 3. g3 {[%clk 1:31:33]} g6 {[%clk 1:31:36]} 4. Bg2
{[%clk 1:32:01]} Bg7 {[%clk 1:31:54]} 5. d3 {[%clk 1:32:28]} d6 {[%clk 1:32:06]}
6. Be3 {[%clk 1:32:43]} Rb8 {[%clk 1:31:52]} 7. Qd2 {[%clk 1:33:02]} b5
{[%clk 1:31:36]} 8. f4 {[%clk 1:30:52]} b4 {[%clk 1:31:18]} 9. Nd1
{[%clk 1:31:19]} Qb6 {[%clk 1:31:37]} 10. Nf3 {[%clk 1:31:25]} e6
{[%clk 1:28:18]} 11. O-O {[%clk 1:29:35]} Nd4 {[%clk 1:26:46]} 12. c3
{[%clk 1:26:11]} bxc3 {[%clk 1:23:45]} 13. bxc3 {[%clk 1:26:21]} Nc6
{[%clk 1:24:06]} 14. Rc1 {[%clk 1:25:07]} Qa5 {[%clk 1:19:19]} 15. Nh4
{[%clk 1:21:19]} Bd7 {[%clk 1:10:17]} 16. f5 {[%clk 1:07:37]} Ne5
{[%clk 0:56:56]} 17. Bf4 {[%clk 1:05:55]} Ne7 {[%clk 0:46:50]} 18. Ne3
{[%clk 1:01:24]} Bb5 {[%clk 0:36:37]} 19. Bxe5 {[%clk 0:58:56]} Bxe5
{[%clk 0:36:15]} 20. Ng4 {[%clk 0:57:51]} Bd4+ {[%clk 0:33:31]} 21. Kh1
{[%clk 0:57:30]} h5 {[%clk 0:33:10]} 22. Qg5 {[%clk 0:45:18]} Bxd3
{[%clk 0:19:58]} 23. Nf6+ {[%clk 0:43:30]} Bxf6 {[%clk 0:15:59]} 24. Qxf6
{[%clk 0:43:57]} Kd7 {[%clk 0:14:58]} 25. Qxf7 {[%clk 0:38:16]} gxf5
{[%clk 0:12:44]} 26. Ng6 {[%clk 0:36:25]} Rhe8 {[%clk 0:12:51]} 27. exf5
{[%clk 0:36:15]} Bxf5 {[%clk 0:12:46]} 28. Rxf5 {[%clk 0:34:19]} exf5
{[%clk 0:10:46]} 29. Re1 {[%clk 0:34:24]} Qb5 {[%clk 0:01:30]} 30. Nxe7
{[%clk 0:33:26]} Kd8 {[%clk 0:00:44]} 31. Bc6 {[%clk 0:33:04]} 1-0

[Event "MP do 18 lat - chlopcy"]
[Site "Sypniewo"]
[Date "2022.03.25"]
[Round "7.1"]
[White "Dzida, Kamil"]
[Black "Czopor, Maciej"]
[Result "1/2-1/2"]
[BlackElo "2423"]
[WhiteElo "2243"]
[LiveChessVersion "1.4.8"]

1. e4 {[%clk 1:30:58]} c5 {[%clk 1:30:42]} 2. Nf3 {[%clk 1:31:22]} d6
{[%clk 1:30:51]} 3. d4 {[%clk 1:31:43]} cxd4 {[%clk 1:31:16]} 4. Nxd4
{[%clk 1:32:08]} Nf6 {[%clk 1:31:42]} 5. Nc3 {[%clk 1:32:32]} a6 {[%clk 1:32:08]}
6. Be2 {[%clk 1:32:52]} e6 {[%clk 1:31:40]} 7. f4 {[%clk 1:33:16]} Be7
{[%clk 1:31:36]} 8. Be3 {[%clk 1:33:40]} O-O {[%clk 1:31:21]} 9. g4
{[%clk 1:34:04]} d5 {[%clk 1:30:54]} 10. e5 {[%clk 1:34:17]} Ne4 {[%clk 1:31:19]}
11. Nxe4 {[%clk 1:31:21]} dxe4 {[%clk 1:31:22]} 12. O-O {[%clk 1:28:29]} Qc7
{[%clk 1:29:06]} 13. Qe1 {[%clk 1:23:06]} b5 {[%clk 1:10:49]} 14. a4
{[%clk 1:12:26]} b4 {[%clk 1:08:35]} 15. a5 {[%clk 1:09:55]} Bb7 {[%clk 1:05:14]}
16. Qg3 {[%clk 1:03:35]} Bd5 {[%clk 0:57:22]} 17. Rad1 {[%clk 0:50:19]} Rd8
{[%clk 0:47:35]} 18. f5 {[%clk 0:45:35]} Nd7 {[%clk 0:45:48]} 19. fxe6
{[%clk 0:34:44]} fxe6 {[%clk 0:44:53]} 20. Nf5 {[%clk 0:28:49]} Bc5
{[%clk 0:30:52]} 21. Qf2 {[%clk 0:17:10]} Bxe3 {[%clk 0:25:15]} 22. Nxe3
{[%clk 0:16:37]} Nxe5 {[%clk 0:24:18]} 23. Nxd5 {[%clk 0:15:08]} exd5
{[%clk 0:21:53]} 24. Qb6 {[%clk 0:15:32]} Qe7 {[%clk 0:19:22]} 25. Rf5
{[%clk 0:15:18]} h6 {[%clk 0:11:30]} 26. Qd4 {[%clk 0:11:30]} Nc6
{[%clk 0:11:31]} 27. Qb6 {[%clk 0:11:40]} Ne5 {[%clk 0:11:58]} 28. Qd4
{[%clk 0:10:15]} Nc6 {[%clk 0:10:47]} 29. Qb6 {[%clk 0:10:29]} Ne5
{[%clk 0:09:53]} 1/2-1/2

[Event "MP do 18 lat - chlopcy"]
[Site "Sypniewo"]
[Date "2022.03.25"]
[Round "7.2"]
[White "Baum, Jonasz"]
[Black "Luberanski, Jakub"]
[Result "1-0"]
[BlackElo "2211"]
[WhiteElo "2317"]
[LiveChessVersion "1.4.8"]

1. d4 {[%clk 1:30:57]} d5 {[%clk 1:30:57]} 2. c4 {[%clk 1:31:01]} c6
{[%clk 1:31:23]} 3. Nf3 {[%clk 1:31:10]} Nf6 {[%clk 1:31:49]} 4. Nc3
{[%clk 1:31:07]} e6 {[%clk 1:32:15]} 5. Bg5 {[%clk 1:31:22]} Nbd7
{[%clk 1:32:41]} 6. cxd5 {[%clk 1:31:20]} exd5 {[%clk 1:33:06]} 7. e3
{[%clk 1:31:32]} h6 {[%clk 1:32:42]} 8. Bf4 {[%clk 1:26:45]} Nh5 {[%clk 1:30:51]}
9. Be5 {[%clk 1:25:58]} Nhf6 {[%clk 1:30:37]} 10. Bd3 {[%clk 1:23:10]} Be7
{[%clk 1:15:39]} 11. Qc2 {[%clk 1:20:51]} Nxe5 {[%clk 1:06:04]} 12. Nxe5
{[%clk 1:19:59]} Nd7 {[%clk 1:05:22]} 13. f4 {[%clk 1:03:32]} Nxe5
{[%clk 1:03:46]} 14. fxe5 {[%clk 1:03:54]} Bh4+ {[%clk 1:01:32]} 15. g3
{[%clk 0:48:03]} Bg5 {[%clk 1:01:55]} 16. Qe2 {[%clk 0:48:13]} O-O
{[%clk 0:49:33]} 17. h4 {[%clk 0:46:22]} Be7 {[%clk 0:49:58]} 18. O-O-O
{[%clk 0:40:58]} b5 {[%clk 0:44:27]} 19. Bc2 {[%clk 0:39:48]} b4 {[%clk 0:31:36]}
20. Na4 {[%clk 0:23:55]} Qa5 {[%clk 0:25:50]} 21. Qd3 {[%clk 0:20:40]} g6
{[%clk 0:25:47]} 22. h5 {[%clk 0:21:03]} Bf5 {[%clk 0:23:34]} 23. Qb3
{[%clk 0:19:14]} c5 {[%clk 0:15:41]} 24. dxc5 {[%clk 0:18:15]} Rac8
{[%clk 0:09:00]} 25. hxg6 {[%clk 0:11:56]} Bxc2 {[%clk 0:08:05]} 26. gxf7+
{[%clk 0:11:37]} Kg7 {[%clk 0:08:31]} 27. Kxc2 {[%clk 0:11:32]} Bxc5
{[%clk 0:08:55]} 28. Kb1 {[%clk 0:10:42]} Rxf7 {[%clk 0:08:05]} 29. Rxd5
{[%clk 0:09:58]} Qb5 {[%clk 0:07:37]} 30. Rc1 {[%clk 0:06:51]} Rf1
{[%clk 0:06:40]} 31. Rdd1 {[%clk 0:06:18]} Rxd1 {[%clk 0:06:09]} 32. Qxd1
{[%clk 0:06:46]} Rc7 {[%clk 0:05:55]} 33. Qd8 {[%clk 0:04:56]} Rc6
{[%clk 0:02:21]} 34. Nxc5 {[%clk 0:05:05]} Rxc5 {[%clk 0:02:47]} 35. Qe7+
{[%clk 0:05:32]} 1-0

[Event "MP do 18 lat - chlopcy"]
[Site "Sypniewo"]
[Date "2022.03.25"]
[Round "7.3"]
[White "Luczak, Filip"]
[Black "Kacprzak, Kacper"]
[Result "1-0"]
[BlackElo "2248"]
[WhiteElo "2300"]
[LiveChessVersion "1.4.8"]

1. c4 {[%clk 1:30:59]} c5 {[%clk 1:30:41]} 2. Nc3 {[%clk 1:31:21]} Nc6
{[%clk 1:31:07]} 3. Nf3 {[%clk 1:31:46]} g6 {[%clk 1:30:33]} 4. e3
{[%clk 1:32:10]} Nf6 5. d4 {[%clk 1:26:42]} cxd4 {[%clk 1:31:23]} 6. exd4
{[%clk 1:27:10]} d5 {[%clk 1:31:48]} 7. cxd5 {[%clk 1:23:24]} Nxd5
{[%clk 1:32:13]} 8. Qb3 {[%clk 1:22:39]} Nxc3 {[%clk 1:32:26]} 9. Bc4
{[%clk 1:21:34]} Nd5 {[%clk 1:32:50]} 10. Bxd5 {[%clk 1:22:00]} e6
{[%clk 1:33:17]} 11. Bxc6+ {[%clk 1:22:26]} bxc6 {[%clk 1:33:43]} 12. O-O
{[%clk 1:21:59]} Qd5 {[%clk 1:33:28]} 13. Bf4 {[%clk 1:17:07]} Be7
{[%clk 1:30:27]} 14. Qxd5 {[%clk 1:04:13]} cxd5 {[%clk 1:21:50]} 15. Ne5
{[%clk 1:02:22]} Bd7 {[%clk 0:53:30]} 16. Rfc1 {[%clk 0:58:50]} Bd8
{[%clk 0:49:57]} 17. Nd3 {[%clk 0:48:17]} f6 {[%clk 0:45:54]} 18. Nc5
{[%clk 0:43:51]} Bb6 {[%clk 0:39:21]} 19. b4 {[%clk 0:42:38]} Ke7
{[%clk 0:32:16]} 20. a4 {[%clk 0:41:11]} a6 {[%clk 0:31:24]} 21. a5
{[%clk 0:35:22]} Bxc5 {[%clk 0:30:42]} 22. bxc5 {[%clk 0:35:45]} Bb5
{[%clk 0:25:52]} 23. Bd6+ {[%clk 0:33:19]} Kd7 {[%clk 0:24:44]} 24. Ra3
{[%clk 0:33:09]} Rac8 {[%clk 0:20:11]} 25. Rf3 {[%clk 0:32:43]} f5
{[%clk 0:20:17]} 26. h4 {[%clk 0:32:23]} Rhg8 {[%clk 0:08:43]} 27. Bf4
{[%clk 0:31:23]} h5 {[%clk 0:06:58]} 28. Re3 {[%clk 0:29:08]} Ke7
{[%clk 0:04:31]} 29. Rce1 {[%clk 0:25:58]} Bd7 {[%clk 0:05:00]} 30. Kh2
{[%clk 0:25:27]} Rge8 {[%clk 0:04:43]} 31. Kg3 {[%clk 0:25:25]} Kf7
{[%clk 0:05:10]} 32. Bd6 {[%clk 0:25:08]} Rg8 {[%clk 0:03:53]} 33. Kf4
{[%clk 0:25:18]} Rge8 {[%clk 0:03:07]} 34. Kg5 {[%clk 0:24:48]} Bb5
{[%clk 0:02:46]} 35. Rb1 {[%clk 0:23:56]} Ra8 {[%clk 0:02:25]} 36. Reb3
{[%clk 0:22:30]} Ra7 {[%clk 0:02:00]} 37. Rxb5 {[%clk 0:19:01]} axb5
{[%clk 0:02:21]} 38. Rxb5 {[%clk 0:19:30]} Rd8 {[%clk 0:01:34]} 39. c6
{[%clk 0:16:36]} 1-0

[Event "MP do 18 lat - chlopcy"]
[Site "Sypniewo"]
[Date "2022.03.25"]
[Round "7.4"]
[White "Seemann, Jakub"]
[Black "Fiedorek, Michal"]
[Result "1-0"]
[BlackElo "2317"]
[WhiteElo "2298"]
[LiveChessVersion "1.4.8"]

1. d4 {[%clk 1:30:59]} Nf6 {[%clk 1:30:48]} 2. c4 {[%clk 1:31:25]} g6
{[%clk 1:31:04]} 3. g3 {[%clk 1:31:51]} Bg7 {[%clk 1:31:15]} 4. Bg2
{[%clk 1:32:18]} O-O {[%clk 1:31:02]} 5. Nc3 {[%clk 1:32:41]} d6 {[%clk 1:31:23]}
6. Nf3 {[%clk 1:33:06]} Nc6 {[%clk 1:31:16]} 7. O-O {[%clk 1:33:26]} Bg4
{[%clk 1:30:55]} 8. h3 {[%clk 1:33:52]} Bxf3 {[%clk 1:31:18]} 9. exf3
{[%clk 1:33:36]} e5 {[%clk 1:21:57]} 10. d5 {[%clk 1:33:42]} Nd4 {[%clk 1:20:44]}
11. f4 {[%clk 1:33:04]} Nd7 {[%clk 1:19:49]} 12. fxe5 {[%clk 1:28:47]} Nxe5
{[%clk 1:09:44]} 13. b3 {[%clk 1:27:52]} c5 {[%clk 1:06:05]} 14. dxc6
{[%clk 1:24:54]} bxc6 {[%clk 1:04:06]} 15. Bb2 {[%clk 1:25:06]} Rb8
{[%clk 1:03:13]} 16. Ne2 {[%clk 1:18:34]} Nxe2+ {[%clk 0:48:27]} 17. Qxe2
{[%clk 1:19:03]} Re8 {[%clk 0:43:53]} 18. Qc2 {[%clk 1:16:43]} c5
{[%clk 0:39:48]} 19. Rad1 {[%clk 1:14:51]} Qc7 {[%clk 0:36:00]} 20. f4
{[%clk 0:59:36]} Nc6 {[%clk 0:32:47]} 21. f5 {[%clk 0:59:01]} Nd4
{[%clk 0:26:07]} 22. Bxd4 {[%clk 0:56:56]} Bxd4+ 23. Kh1 {[%clk 0:48:08]} Qe7
{[%clk 0:20:17]} 24. Bd5 {[%clk 0:41:44]} Kh8 {[%clk 0:19:41]} 25. Qg2
{[%clk 0:24:27]} Qe2 {[%clk 0:12:29]} 26. fxg6 {[%clk 0:18:28]} Qxg2+
{[%clk 0:11:47]} 27. Bxg2 {[%clk 0:18:55]} fxg6 {[%clk 0:11:05]} 28. Rf7
{[%clk 0:19:24]} a5 {[%clk 0:01:38]} 29. Ra7 {[%clk 0:19:41]} Bc3
{[%clk 0:01:37]} 30. Rxd6 {[%clk 0:17:49]} Rbd8 {[%clk 0:01:32]} 31. Rxd8
{[%clk 0:14:53]} Rxd8 {[%clk 0:01:58]} 32. Bd5 {[%clk 0:15:20]} Re8
{[%clk 0:02:09]} 33. g4 {[%clk 0:15:43]} g5 {[%clk 0:01:46]} 34. Kg2
{[%clk 0:11:26]} Re3 {[%clk 0:01:12]} 35. Bc6 {[%clk 0:11:00]} Re2+
{[%clk 0:01:10]} 36. Kf3 {[%clk 0:11:22]} Rh2 {[%clk 0:00:56]} 37. Ke4
{[%clk 0:10:31]} Rxh3 {[%clk 0:01:03]} 38. Kf5 {[%clk 0:10:58]} Rh6
{[%clk 0:00:59]} 39. Bd5 {[%clk 0:06:46]} Rg6 {[%clk 0:00:58]} 40. Bf7
{[%clk 0:37:03]} Rf6+ {[%clk 0:30:35]} 41. Kxg5 {[%clk 0:37:28]} Rf3
{[%clk 0:17:03]} 42. Rd7 {[%clk 0:28:30]} Bd4 {[%clk 0:11:08]} 43. Be8
{[%clk 0:28:30]} Be3+ {[%clk 0:02:54]} 44. Kh4 {[%clk 0:28:55]} Bf2+
{[%clk 0:01:29]} 45. Kh5 {[%clk 0:29:17]} Be3 {[%clk 0:01:03]} 46. g5
{[%clk 0:29:30]} Rg3 {[%clk 0:00:54]} 47. Rd5 {[%clk 0:29:41]} Rg2
{[%clk 0:00:57]} 48. Bc6 {[%clk 0:24:59]} Rg1 {[%clk 0:00:35]} 49. Re5
{[%clk 0:24:52]} Bd4 {[%clk 0:00:48]} 50. Re8+ {[%clk 0:25:04]} Kg7
{[%clk 0:01:13]} 51. Bd5 {[%clk 0:25:31]} 1-0